Central Library OPAC University of Rajshahi

Mental hygiene : (Record no. 28825)

MARC details
000 -LEADER
fixed length control field 00660nam a22002291a 4500
001 - CONTROL NUMBER
control field 28825
003 - CONTROL NUMBER IDENTIFIER
rucl marc code BD-RjUL
005 - DATE AND TIME OF LATEST TRANSACTION
control field 20211209051332.0
008 - FIXED-LENGTH DATA ELEMENTS--GENERAL INFORMATION
fixed length control field 140401s1960 nyua 000 0 eng d
035 ## - SYSTEM CONTROL NUMBER
System control number (BD-RjUL)28909
040 ## - CATALOGING SOURCE
Original cataloging agency ANL
Language of cataloging eng
Transcribing agency ANL
Modifying agency BD-RjUL
041 ## - LANGUAGE CODE
Language code of text/sound track or separate title eng
082 04 - DEWEY DECIMAL CLASSIFICATION NUMBER
Classification number 132
Author mark and year KLM 1960
100 1# - MAIN ENTRY--PERSONAL NAME
Personal name Klein, David Ballin,
Dates associated with a name 1897-
9 (RLIN) 88157
245 10 - TITLE STATEMENT
Title Mental hygiene :
Remainder of title a survey of personality disorders and mental health.
260 ## - PUBLICATION, DISTRIBUTION, ETC. (IMPRINT)
Place of publication, distribution, etc. New York :
Name of publisher, distributor, etc. H. Holt and Company,
Date of publication, distribution, etc. c1960.
300 ## - PHYSICAL DESCRIPTION
Pagination xvii, 654 p. :
Size 20 cm.
650 #0 - SUBJECT ADDED ENTRY--TOPICAL TERM
Topical term or geographic name as entry element Mental health.
9 (RLIN) 88158
Topical term or geographic name as entry element Personality.
9 (RLIN) 88159
942 ## - ADDED ENTRY ELEMENTS (KOHA)
Source of classification or shelving scheme Dewey Decimal Classification
Koha item type Books
Holdings
Lost status Source of classification or shelving scheme Damaged status Not for loan Permanent Location Current Location Shelving location Date acquired Source of acquisition Cost, normal purchase price Total Checkouts Full call number Date last seen Copy number Koha item type
  Dewey Decimal Classification   Added to bundle Central Library, University of Rajshahi Central Library, University of Rajshahi Reading Room 09/07/1964 Zeitlinger 50.00   132 KLM 1960 01/04/2014 C-1 Books